| Tag |
First Indicator |
Second Indicator |
Subfields |
| LEADER |
00000cam a2200000 a 4500 |
| 001 |
in00000086887 |
| 005 |
20151008062819.0 |
| 007 |
he bmu ba|| |
| 008 |
780224s1766 mau b 00010 eng d |
| 035 |
|
|
|a (OCoLC)03666323
|
| 035 |
|
|
|9 AAK0994AM
|
| 040 |
|
|
|a DLC
|c RRR
|d RRR
|d m.c.
|d TXA
|d UtOrBLW
|
| 049 |
|
|
|a TXAI
|
| 082 |
0 |
|
|a 922
|
| 099 |
|
|
|a fiche
|a C
|a 4480
|
| 100 |
1 |
|
|a Gay, Ebenezer,
|d 1696-1787.
|
| 245 |
1 |
2 |
|a A beloved disciple of Jesus Christ characterized :
|b In a sermon preached at the West Church in Boston, July 27 ... 1766, the third Lord's-Day from the decease of the Reverend Pastor, Jonathan Mayhew, D.D. /
|c by Ebenezer Gay.
|
| 264 |
|
3 |
|a Boston :
|b Printed by R. and S. Draper,
|c 1766.
|
| 300 |
|
|
|a 30 pages ;
|c 20 cm.
|
| 336 |
|
|
|a text
|b txt
|2 rdacontent
|
| 337 |
|
|
|a microform
|b h
|2 rdamedia
|
| 338 |
|
|
|a microfiche
|b he
|2 rdacarrier
|
| 500 |
|
|
|a "Sabin : 26781."
|
| 500 |
|
|
|a "Copied from the original in the Library of Congress."
|
| 533 |
|
|
|a Microfiche. Louisville, [Ky.] :
|c Lost Cause Press,
|d 1977.
|e 2 microfiches : negative ; 11 x 15 cm.
|f (Selected Americana from Sabin's Dictionary of books relating to America)
|
| 500 |
|
|
|a Microform.
|
| 600 |
1 |
0 |
|a Mayhew, Jonathan,
|d 1720-1766.
|
| 999 |
|
|
|a MARS
|
| 999 |
f |
f |
|s 3008e8f6-d537-3c56-9694-2c72a7272285
|i bdb042ff-ec88-3824-b669-422691c87c21
|t 0
|
| 952 |
f |
f |
|p normal
|a Texas A&M University
|b College Station
|c Sterling C. Evans Library
|d Evans: Microforms (3rd floor)
|t 0
|e fiche C 4480
|h Other scheme
|i microform -- microfiche
|m A14821692209
|
| 998 |
f |
f |
|a fiche C 4480
|t 0
|l Evans: Microforms (3rd floor)
|